Skip to main content
Your cart is empty.
Your lists
Log in to create your own lists
Your cookies
العربية
English
العربية
Home
Search
Advanced search
Authority search
About
The noble scholar, jurist, historian
His Excellency Dr. Abdul Wahhab bin Ibrahim Abu Sulaiman, may Allah have mercy on him.
He was born in Umm Al-Qura in the year 1356 AH.
Library catalog
Title
Author
Subject
ISBN
ISSN
Series
Call number
Log in to your account
×
Login:
Password:
Home
MARC view: مغني الأديب عن كتب الأعاريب المنتخب من مغني اللبيب لابن هشام الأنصاري /
Normal view
MARC view
ISBD view
مغني الأديب عن كتب الأعاريب المنتخب من مغني اللبيب لابن هشام الأنصاري / (Record no. 11569)
[
view plain
]
MARC details
000 -LEADER
fixed length control field
01239cam a2200265 i 4500
003 - CONTROL NUMBER IDENTIFIER
control field
SA-RiAUC
005 - DATE AND TIME OF LATEST TRANSACTION
control field
20250910120231.0
008 - FIXED-LENGTH DATA ELEMENTS--GENERAL INFORMATION
fixed length control field
250907s2004 le g b 000r0 ara c
040 ## - CATALOGING SOURCE
Original cataloging agency
SA-AbKKU
Language of cataloging
ara
Transcribing agency
SA-RiAUC
Description conventions
rda
082 04 - DEWEY DECIMAL CLASSIFICATION NUMBER
Classification number
415.1
Assigning agency
SA-RiAUC
090 ## - LOCALLY ASSIGNED LC-TYPE CALL NUMBER (OCLC); LOCAL CALL NUMBER (RLIN)
Classification number (OCLC) (R) ; Classification number, CALL (RLIN) (NR)
415.1
Local cutter number (OCLC) ; Book number/undivided call number, CALL (RLIN)
م غ ن
245 00 - TITLE STATEMENT
Title
مغني الأديب عن كتب الأعاريب المنتخب من مغني اللبيب لابن هشام الأنصاري /
Statement of responsibility, etc.
عدة من الأساتذة الجامعيين.
250 ## - EDITION STATEMENT
Edition statement
الطبعة الأولى.
264 #1 - PRODUCTION, PUBLICATION, DISTRIBUTION, MANUFACTURE, AND COPYRIGHT NOTICE
Place of production, publication, distribution, manufacture
بيروت :
Name of producer, publisher, distributor, manufacturer
مؤسسة التاريخ العربي للطباعة والنشر والتوزيع،
Date of production, publication, distribution, manufacture, or copyright notice
2004
300 ## - PHYSICAL DESCRIPTION
Extent
207 صفحة ؛
Dimensions
24 سم
336 ## - CONTENT TYPE
Content type term
نص
Content type code
txt
Source
rdacontent
Materials specified
كتاب
337 ## - MEDIA TYPE
Media type term
بدون وسيط
Media type code
n
Source
rdamedia
338 ## - CARRIER TYPE
Carrier type term
مجلد
Carrier type code
nc
Source
rdacarrier
504 ## - BIBLIOGRAPHY, ETC. NOTE
Bibliography, etc. note
يشتمل على إرجاعات ببليوجرافية.
650 #7 - SUBJECT ADDED ENTRY--TOPICAL TERM
Topical term or geographic name entry element
اللغة العربية
General subdivision
نحو
Source of heading or term
aucsh
700 12 - ADDED ENTRY--PERSONAL NAME
Personal name
ابن هشام، عبد الله بن يوسف بن أحمد،
Dates associated with a name
708-761 هجري.
Title of a work
مغني اللبيب عن كتب الأعاريب.
740 02 - ADDED ENTRY--UNCONTROLLED RELATED/ANALYTICAL TITLE
Uncontrolled related/analytical title
مغني اللبيب عن كتب الأعاريب.
942 ## - ADDED ENTRY ELEMENTS (KOHA)
Source of classification or shelving scheme
Dewey Decimal Classification
Koha item type
Books
Suppress in OPAC
No
949 ## - LOCAL PROCESSING INFORMATION (OCLC)
a
SA-JeALM
d
250907
u
mohamedma123
n
1
Holdings
Withdrawn status
Lost status
Source of classification or shelving scheme
Damaged status
Not for loan
Home library
Current library
Date acquired
Total checkouts
Full call number
Barcode
Date last seen
Price effective from
Koha item type
Dewey Decimal Classification
DR AbdElwahab Library
DR AbdElwahab Library
09/10/2025
415.1 م غ ن
000018715
09/10/2025
09/10/2025
Books
Place hold
Print
Add to your cart
(remove)
Save record
BIBTEX
Dublin Core
MARCXML
MARC (non-Unicode/MARC-8)
MARC (Unicode/UTF-8)
MARC (Unicode/UTF-8, Standard)
MODS (XML)
RIS
ISBD
More searches
Search for this title in:
Other Libraries (WorldCat)
Other Databases (Google Scholar)
Online Stores (Bookfinder.com)
Open Library (openlibrary.org)
Exporting to Dublin Core...
×
Simple DC-RDF
OAI-DC
SRW-DC